[Event "Montreal Mercredi 05"]
[Site "Montreal"]
[Date "2019.05.29"]
[Round "4"]
[White "Gauthier, Luc"]
[Black "Alcantara, Maximo Jr"]
[Result "0-1"]
[WhiteElo "1759"]
[BlackElo "1706"]
[PlyCount "72"]
[EventDate "2019.05.08"]
[EventType "swiss"]
[EventRounds "5"]
[EventCountry "CAN"]
[SourceTitle "EXT 2022"]
[Source "ChessBase"]
[SourceDate "2021.10.06"]
[SourceVersion "1"]
[SourceVersionDate "2021.10.06"]
[SourceQuality "1"]

1. e4 c6 2. d4 d5 3. exd5 cxd5 4. Bd3 a6 5. c3 g6 6. Bf4 Bg7 7. Nf3 Nf6 8. h3 Nc6 9. Nbd2 0-0 10. 0-0 Re8 11. Re1 b5 12. Ne5 Nxe5 13. Bxe5 Nd7 14. Bxg7 Kxg7 15. Nf3 e6 16. a4 Rb8 17. axb5 axb5 18. Qe2 b4 19. Ne5 Qc7 20. cxb4 Nxe5 21. dxe5 Rxb4 22. Rec1 Qb8 23. Rc2 Bd7 24. Rac1 Ba4 25. Rc7 Rxb2 26. Qf3 Rf8 27. Qf6+ Kg8 28. h4 Rb7 29. Rxb7 Qxb7 30. h5 Qb2 31. Rc7 Qd2 32. hxg6 Qd1+ 33. Kh2 Qh5+ 34. Kg1 hxg6 35. f3 Qh6 36. Ra7 Qe3+ 0-1

[Event "Montreal Mercredi 01"]
[Site "Montreal"]
[Date "2019.01.09"]
[Round "1"]
[White "Alcantara, Maximo Jr"]
[Black "Gauthier, Luc"]
[Result "1/2-1/2"]
[WhiteElo "1766"]
[BlackElo "1670"]
[PlyCount "63"]
[EventDate "2019.01.09"]
[EventType "swiss"]
[EventRounds "5"]
[EventCountry "CAN"]
[SourceTitle "EXT 2022"]
[Source "ChessBase"]
[SourceDate "2021.10.06"]
[SourceVersion "1"]
[SourceVersionDate "2021.10.06"]
[SourceQuality "1"]

1. Nf3 f5 2. d4 Nf6 3. g3 e6 4. Bg2 Be7 5. c4 d6 6. Nc3 0-0 7. 0-0 Ne4 8. Nd2 Nxc3 9. bxc3 Bf6 10. e4 e5 11. d5 Na6 12. Nb3 b6 13. f3 Nc5 14. Nxc5 bxc5 15. Rb1 fxe4 16. fxe4 Qe8 17. Rf2 a5 18. Bf3 Qg6 19. Qe2 Bg5 20. Bh5 Rxf2 21. Kxf2 Qf6+ 22. Qf3 Qxf3+ 23. Bxf3 Bxc1 24. Rxc1 Rb8 25. Rc2 Ba6 26. Be2 Kf8 27. Ke3 Ke7 28. Kd2 Rb1 29. Rc1 Rb2+ 30. Rc2 Rb1 31. Rc1 Rb2+ 32. Rc2 1/2-1/2

[Event "Montreal op U2000"]
[Site "Montreal"]
[Date "2016.09.11"]
[Round "4.31"]
[White "Richard, Leo"]
[Black "Alcantara, Maximo Jr"]
[Result "0-1"]
[WhiteElo "1481"]
[BlackElo "1681"]
[PlyCount "60"]
[EventDate "2016.09.09"]
[EventType "swiss"]
[EventRounds "5"]
[EventCountry "CAN"]
[SourceTitle "EXT 2022"]
[Source "ChessBase"]
[SourceDate "2021.10.06"]
[SourceVersion "1"]
[SourceVersionDate "2021.10.06"]
[SourceQuality "1"]

1. e4 c6 2. d4 g6 3. c4 Bg7 4. Nc3 d6 5. Nf3 Bg4 6. Be2 Nd7 7. h3 Bxf3 8. Bxf3 e5 9. d5 c5 10. a3 Ne7 11. b4 0-0 12. Be3 b6 13. Rb1 f5 14. Bg5 Nf6 15. Bxf6 Bxf6 16. Qc2 fxe4 17. Bxe4 Bg7 18. 0-0 Nf5 19. Bxf5 Rxf5 20. Ne2 cxb4 21. axb4 Qc7 22. Qe4 Rc8 23. Rbc1 a5 24. bxa5 bxa5 25. g3 Qc5 26. Qb1 Rcf8 27. Rc2 Rxf2 28. Rxf2 Rxf2 29. Qb5 Qe3 30. Qe8+ Rf8+ 0-1

[Event "Montreal op U2000"]
[Site "Montreal"]
[Date "2016.09.10"]
[Round "3.16"]
[White "Alcantara, Maximo Jr"]
[Black "Lauron, Ranel G"]
[Result "0-1"]
[WhiteElo "1681"]
[BlackElo "1953"]
[PlyCount "26"]
[EventDate "2016.09.09"]
[EventType "swiss"]
[EventRounds "5"]
[EventCountry "CAN"]
[SourceTitle "EXT 2022"]
[Source "ChessBase"]
[SourceDate "2021.10.06"]
[SourceVersion "1"]
[SourceVersionDate "2021.10.06"]
[SourceQuality "1"]

1. Nf3 d5 2. d4 c6 3. g3 Nf6 4. Bg2 Bf5 5. c3 Nbd7 6. Nbd2 e6 7. 0-0 Bd6 8. Re1 h6 9. Nh4 Bh7 10. e4 g5 11. e5 gxh4 12. Qf3 Ne4 13. Nxe4 Bxe4 0-1

[Event "Quebec-ch Amateur U2000"]
[Site "Montreal"]
[Date "2014.10.11"]
[Round "2"]
[White "Alcantara, Maximo Jr"]
[Black "Li, Yilin"]
[Result "0-1"]
[WhiteElo "1702"]
[BlackElo "1761"]
[PlyCount "116"]
[EventDate "2014.10.10"]
[EventType "swiss"]
[EventRounds "7"]
[EventCountry "CAN"]
[SourceTitle "EXT 2022"]
[Source "ChessBase"]
[SourceDate "2021.10.06"]
[SourceVersion "1"]
[SourceVersionDate "2021.10.06"]
[SourceQuality "1"]

1. d4 d5 2. Bf4 Nf6 3. e3 e6 4. h3 c5 5. c3 Bd7 6. Nf3 Nc6 7. Nbd2 Rc8 8. Bd3 c4 9. Bc2 b5 10. a3 a5 11. Ne5 Qb6 12. Nxc6 Bxc6 13. 0-0 b4 14. Ba4 Be7 15. Bxc6+ Qxc6 16. axb4 axb4 17. Qa4 0-0 18. Qxc6 Rxc6 19. Ra7 Re8 20. Rb7 bxc3 21. bxc3 Ra6 22. Rfb1 Ra2 23. R1b2 Ra1+ 24. Kh2 h6 25. f3 Ba3 26. Rc2 Rc1 27. Rxc1 Bxc1 28. Nf1 Ra8 29. Rb1 Ba3 30. Ra1 Ra5 31. Nd2 Nh5 32. g3 Nxf4 33. gxf4 Kf8 34. Kg2 Ke7 35. Kf2 Kf6 36. Nb1 Bb4 37. Rxa5 Bxa5 38. Ke2 Kg6 39. Kf2 Kh5 40. Kg3 Bc7 41. Kg2 Bd6 42. Kf2 Kh4 43. Kg2 f5 44. Nd2 Ba3 45. e4 Bc1 46. Nb1 Bxf4 47. exd5 exd5 48. Na3 Bg3 49. Nb5 Bb8 50. Na3 Kg5 51. Nc2 Kf6 52. Nb4 Ke6 53. Kf2 g5 54. Na6 Bd6 55. Nc5+ Bxc5 56. dxc5 f4 57. h4 Kd7 58. hxg5 hxg5 0-1

[Event "Quebec-ch Amateur U2000"]
[Site "Montreal"]
[Date "2014.10.10"]
[Round "1"]
[White "Desjardins, Michel"]
[Black "Alcantara, Maximo Jr"]
[Result "1/2-1/2"]
[WhiteElo "1838"]
[BlackElo "1702"]
[PlyCount "65"]
[EventDate "2014.10.10"]
[EventType "swiss"]
[EventRounds "7"]
[EventCountry "CAN"]
[SourceTitle "EXT 2022"]
[Source "ChessBase"]
[SourceDate "2021.10.06"]
[SourceVersion "1"]
[SourceVersionDate "2021.10.06"]
[SourceQuality "1"]

1. e4 c6 2. d4 d5 3. exd5 cxd5 4. Bd3 Nc6 5. c3 Nf6 6. Bf4 e6 7. Nd2 Bd6 8. Bxd6 Qxd6 9. Ngf3 a6 10. 0-0 0-0 11. Re1 b5 12. a3 Bb7 13. Ne5 Nd7 14. Ndf3 Ndxe5 15. Nxe5 Nxe5 16. dxe5 Qxe5 17. Qh5 g6 18. Qh4 Rfe8 19. Re3 Qg7 20. Qf4 Qf8 21. Rae1 Qg7 22. h4 Rf8 23. h5 g5 24. Qg4 h6 25. f4 Kh8 26. f5 exf5 27. Bxf5 Bc8 28. Bxc8 Raxc8 29. Qf5 Rc7 30. Qd3 Re7 31. Qxd5 Rxe3 32. Qf5 Kg8 33. Rxe3 1/2-1/2

[Event "Montreal Pere Noel U1800"]
[Site "Montreal"]
[Date "2013.12.30"]
[Round "5"]
[White "Alcantara, Maximo Jr"]
[Black "Steinberg, Ellis"]
[Result "1/2-1/2"]
[WhiteElo "1656"]
[BlackElo "1683"]
[PlyCount "99"]
[EventDate "2013.12.26"]
[EventType "swiss"]
[EventRounds "5"]
[EventCountry "CAN"]
[SourceTitle "EXT 2022"]
[Source "ChessBase"]
[SourceDate "2021.10.06"]
[SourceVersion "1"]
[SourceVersionDate "2021.10.06"]
[SourceQuality "1"]

1. e4 g6 2. d4 Bg7 3. Nf3 d6 4. Bc4 Nf6 5. Nc3 c6 6. Bb3 0-0 7. 0-0 b5 8. a3 Nbd7 9. Re1 Qc7 10. Bf4 e5 11. dxe5 dxe5 12. Be3 Bb7 13. Qe2 a6 14. Rad1 Rad8 15. h3 c5 16. Nd5 Bxd5 17. Bxd5 Nb6 18. b4 Nbxd5 19. exd5 Nxd5 20. Bxc5 Nc3 21. Qf1 Rxd1 22. Rxd1 Nxd1 23. Bxf8 Ne3 24. fxe3 Bxf8 25. Qd3 Qd6 26. Qxd6 Bxd6 27. Nd2 f5 28. c4 bxc4 29. Nxc4 Bc7 30. Kf2 Kf7 31. Ke2 Ke6 32. Kd3 Kd5 33. Nd2 e4+ 34. Ke2 Be5 35. Nb3 Bb2 36. Nc5 Bxa3 37. Nxa6 Kc4 38. Nc5 Bxb4 39. Nd7 Be7 40. Nb6+ Kc5 41. Na4+ Kd6 42. Nb6 Ke6 43. Nc4 Kf6 44. Nd2 Kg5 45. Nf1 Kh4 46. Kf2 Bd6 47. Ke2 g5 48. Kf2 g4 49. hxg4 fxg4 50. Nd2 1/2-1/2

[Event "Quebec-ch U16"]
[Site "Montreal"]
[Date "2012.11.24"]
[Round "2"]
[White "Alcantara, Maximo Jr"]
[Black "Luo, Zhao Yang"]
[Result "1-0"]
[WhiteElo "1822"]
[BlackElo "2044"]
[PlyCount "169"]
[EventDate "2012.11.23"]
[EventType "tourn"]
[EventRounds "4"]
[EventCountry "CAN"]
[SourceTitle "EXT 2022"]
[Source "ChessBase"]
[SourceDate "2021.10.06"]
[SourceVersion "1"]
[SourceVersionDate "2021.10.06"]
[SourceQuality "1"]

1. d4 Nf6 2. c4 g6 3. Nc3 Bg7 4. e4 d6 5. Be2 0-0 6. Be3 c5 7. d5 Re8 8. f4 e5 9. fxe5 Rxe5 10. Nf3 Re8 11. Bg5 Qa5 12. Bxf6 Bxf6 13. Qc2 Bd4 14. Rd1 Bg7 15. 0-0 Nd7 16. Bd3 Nf6 17. h3 Nh5 18. Kh2 Nf4 19. Rde1 Bd7 20. Ng5 Be5 21. g3 Nh5 22. Ne2 f5 23. Nf3 fxe4 24. Bxe4 Bg7 25. Nc3 a6 26. Bd3 b5 27. Ne4 Qb6 28. b3 Rab8 29. Neg5 bxc4 30. bxc4 Qb2 31. Rxe8+ Bxe8 32. Rb1 Qxb1 33. Qxb1 Rxb1 34. Bxb1 Bd7 35. Ne4 Bf5 36. Nfd2 Be5 37. Kg2 Kf8 38. Kf3 Ke7 39. g4 Bxe4+ 40. Nxe4 Ng7 41. Ng5 h6 42. Ne4 Ne8 43. Nd2 g5 44. Bf5 Nf6 45. Nb3 Bc3 46. Ke3 Ne8 47. Nc1 Nf6 48. Ne2 Bb4 49. Bc8 a5 50. Ng3 Kd8 51. Be6 h5 52. Nxh5 Nxh5 53. gxh5 Ke7 54. h6 Bc3 55. h7 Bh8 56. Kf3 Kf6 57. Ke4 Bg7 58. Kd3 Ke5 59. Kc3 Ke4+ 60. Kb3 Kd3 61. Ka4 Bc3 62. Kb5 Be5 63. a4 Kc3 64. Bg4 Kd3 65. Bc8 Bc3 66. Ba6 Ke4 67. h8Q Bxh8 68. Kxa5 Bf6 69. Kb6 Bd8+ 70. Kc6 Ke5 71. Bb5 Ba5 72. Kb7 Kd4 73. Kc6 Ke5 74. Ba6 Bd8 75. Bc8 Kd4 76. Kb5 Bc7 77. Bg4 Bb8 78. a5 Kd3 79. a6 Ba7 80. Be6 Bb8 81. Kb6 Kxc4 82. Kb7 Kb5 83. Kxb8 Kxa6 84. Kc7 c4 85. Kxd6 1-0